MARC

LEADER 00000nam0a2200000 4500
001 287814
005 20231102000027.0
035 |a (RuTPU)RU\TPU\book\312247 
090 |a 287814 
100 |a 20150319d1998 m y0rusy50 ca 
101 0 |a rus 
102 |a RU 
105 |a a j 001zy 
200 1 |a Общие проблемы физики столкновений. Столкновения атомных частиц  |e курс лекций  |f Ю. Н. Демков [и др.]  |g Петрозаводский государственный университет (ПетрГУ) 
210 |a Петрозаводск  |c Изд-во ПетрГУ  |d 1984 
215 |a 64 с.  |c ил. 
320 |a Библиогр.: с. 62-63 
606 |a Атомные столкновения  |2 stltpush  |3 (RuTPU)RU\TPU\subj\29729  |9 53000 
610 1 |a теория рассеяния 
610 1 |a ионные пучки 
610 1 |a взаимодействие 
610 1 |a атом-молекулярные столкновения 
610 1 |a газ 
610 1 |a атомы 
610 1 |a молекулы 
610 1 |a ионы гелия 
610 1 |a перезарядка 
610 1 |a лекции 
675 |a 539.186(075.8)  |v 3 
701 1 |a Демков  |b Ю. Н. 
701 1 |a Дорожкин  |b А. А. 
701 1 |a Петров  |b Н. Н. 
701 1 |a Зубков  |b Б. В. 
701 1 |a Калинин  |b А. П. 
712 0 2 |a Петрозаводский государственный университет (ПетрГУ)  |2 stltpush  |3 (RuTPU)RU\TPU\col\1601 
801 1 |a RU  |b 63413507  |c 20150319 
801 2 |a RU  |b 63413507  |c 20180213  |g RCR 
942 |c BK